[Event "Montreal CC-ch"]
[Site "Montreal"]
[Date "2016.06.12"]
[Round "5.10"]
[White "Millette, Sylvain"]
[Black "Struben, Jeroen"]
[Result "0-1"]
[WhiteElo "1699"]
[BlackElo "1796"]
[PlyCount "80"]
[EventDate "2016.06.10"]
[EventType "swiss"]
[EventRounds "5"]
[EventCountry "CAN"]
[SourceTitle "EXT 2022"]
[Source "ChessBase"]
[SourceDate "2021.10.06"]
[SourceVersion "1"]
[SourceVersionDate "2021.10.06"]
[SourceQuality "1"]

1. e4 d6 2. Nc3 Nf6 3. Bc4 g6 4. Nf3 c5 5. Ng5 e6 6. d3 h6 7. Nf3 Nc6 8. 0-0 Bg7 9. Bf4 g5 10. Bg3 Nh5 11. Ne5 Nxg3 12. Nxc6 bxc6 13. fxg3 Rb8 14. Qh5 0-0 15. Bb3 d5 16. Rf3 Qe8 17. exd5 exd5 18. Nxd5 cxd5 19. Bxd5 Be6 20. Re1 Qd7 21. Bb3 Bxb3 22. axb3 Rbe8 23. Ref1 Re7 24. h4 Re5 25. hxg5 Rxg5 26. Qh4 Qd4+ 27. Kh2 Qd5 28. g4 Qe6 29. Rf5 Qe2 30. R1f3 Qxc2 31. Rxg5 hxg5 32. Qh5 Qxb2 33. Rh3 Qe5+ 34. Kg1 Re8 35. Rf3 Qe1+ 36. Kh2 Qh4+ 37. Qxh4 gxh4 38. Kh3 Rb8 39. Kxh4 Rxb3 40. Kg5 Rb6 0-1

[Event "Montreal McGill Cup"]
[Site "Montreal"]
[Date "2016.05.01"]
[Round "5"]
[White "Struben, Jeroen"]
[Black "Ouellet, Maili Jade"]
[Result "0-1"]
[WhiteElo "1856"]
[BlackElo "2016"]
[PlyCount "61"]
[EventDate "2016.04.29"]
[EventType "swiss"]
[EventRounds "5"]
[EventCountry "CAN"]
[SourceTitle "CBM 172 Extra"]
[Source "ChessBase"]
[SourceDate "2016.06.21"]
[SourceVersion "1"]
[SourceVersionDate "2016.06.21"]
[SourceQuality "1"]

1. d4 d5 2. c4 e6 3. Nf3 Nf6 4. g3 Be7 5. Bg2 0-0 6. 0-0 b6 7. Bf4 Bb7 8. Nbd2 c5 9. Qc2 Nc6 10. dxc5 bxc5 11. Rfd1 Qb6 12. Qb3 Rac8 13. Rac1 Rfd8 14. cxd5 exd5 15. Bh3 Ra8 16. a3 Ne8 17. Qa2 Ba6 18. Bf1 h6 19. e4 Bxf1 20. Kxf1 Qa6+ 21. Kg1 Nb4 22. Qb3 Nd3 23. exd5 Nxc1 24. Rxc1 Nf6 25. Ne5 Rxd5 26. Ne4 Rad8 27. Re1 Nxe4 28. Rxe4 Rd1+ 29. Kg2 Qf1+ 30. Kf3 Qh1+ 31. Ke2 0-1

[Event "Montreal McGill Cup"]
[Site "Montreal"]
[Date "2016.04.30"]
[Round "3"]
[White "Struben, Jeroen"]
[Black "Masse, Hugues"]
[Result "0-1"]
[WhiteElo "1856"]
[BlackElo "2212"]
[PlyCount "190"]
[EventDate "2016.04.29"]
[EventType "swiss"]
[EventRounds "5"]
[EventCountry "CAN"]
[SourceTitle "CBM 172 Extra"]
[Source "ChessBase"]
[SourceDate "2016.06.21"]
[SourceVersion "1"]
[SourceVersionDate "2016.06.21"]
[SourceQuality "1"]

1. d4 Nf6 2. c4 g6 3. g3 Bg7 4. Bg2 0-0 5. Nf3 d6 6. Nc3 Nc6 7. d5 Na5 8. Nd2 c5 9. 0-0 Bg4 10. h3 Bd7 11. e4 a6 12. a4 Ne8 13. Re1 Nc7 14. Kh2 b5 15. axb5 axb5 16. e5 Nxc4 17. Rxa8 Qxa8 18. Nxc4 bxc4 19. exd6 exd6 20. Bf4 Ne8 21. g4 Qb8 22. Qd2 Nf6 23. Re7 Re8 24. Qe2 Bf8 25. Rxe8 Bxe8 26. Qxc4 Qxb2 27. Bg3 Qb4 28. Qd3 h6 29. Qf3 Kg7 30. Bf1 Qd4 31. Bg2 Bd7 32. Ne2 Qd1 33. Nc3 Qxf3 34. Bxf3 Be7 35. Be2 Ne8 36. Nb5 Bxb5 37. Bxb5 Nf6 38. Bc4 Ne4 39. Kg2 Kf6 40. f4 Bd8 41. Be1 Ke7 42. Kf3 f5 43. gxf5 gxf5 44. Bd3 Nf6 45. Bh4 Kf7 46. Bxf5 Ba5 47. Bxf6 Kxf6 48. Bd3 Bc3 49. Kg4 Bd2 50. Kf3 Ke7 51. Kg4 Kd7 52. Kf5 Kc7 53. Ke4 Kb6 54. Be2 Ka5 55. f5 Bg5 56. Kd3 Kb4 57. Kc2 c4 58. Bh5 Bf6 59. Bf7 Kc5 60. Kd2 Kd4 61. Kc2 Ke4 62. Kd2 Kf3 63. Bh5+ Kg3 64. Bg4 Kf4 65. Bh5 Ke4 66. Bf7 Kd4 67. Kc2 Ke3 68. Be8 c3 69. Bb5 Kd4 70. Bc6 Ke4 71. Bb7 Kf3 72. Ba6 Kg2 73. h4 Bxh4 74. Kxc3 h5 75. Be2 Bf6+ 76. Kd3 h4 77. Ke4 Bg5 78. Kd4 h3 79. Bd3 Bf6+ 80. Ke3 Bg5+ 81. Kd4 h2 82. Be4+ Kf2 83. Kd3 Bf6 84. Bh1 Be5 85. Be4 Kg1 86. Ke2 h1Q 87. Bxh1 Kxh1 88. Kf3 Kg1 89. Kg4 Kf2 90. Kg5 Ke3 91. f6 Ke4 92. f7 Bg7 93. Kg6 Bf8 94. Kh7 Kxd5 95. Kg8 Be7 0-1

[Event "Montreal Mercredi 10"]
[Site "Montreal"]
[Date "2015.11.11"]
[Round "5"]
[White "Brassard, Sylvain"]
[Black "Struben, Jeroen"]
[Result "0-1"]
[WhiteElo "1798"]
[BlackElo "1825"]
[PlyCount "32"]
[EventDate "2015.10.14"]
[EventType "swiss"]
[EventRounds "5"]
[EventCountry "CAN"]
[SourceTitle "EXT 2022"]
[Source "ChessBase"]
[SourceDate "2021.10.06"]
[SourceVersion "1"]
[SourceVersionDate "2021.10.06"]
[SourceQuality "1"]

1. d4 Nf6 2. Bg5 Ne4 3. Bf4 c5 4. f3 Qa5+ 5. c3 Nf6 6. Nd2 cxd4 7. Nb3 Qd8 8. cxd4 d5 9. Qc2 Nc6 10. Rd1 e6 11. e4 dxe4 12. fxe4 Nh5 13. Be3 Bb4+ 14. Nd2 Nxd4 15. Qc4 Qh4+ 16. Bf2 Qxe4+ 0-1

[Event "Montreal Mercredi 10"]
[Site "Montreal"]
[Date "2015.10.21"]
[Round "2"]
[White "Struben, Jeroen"]
[Black "Zumsteg, Nicolas"]
[Result "1-0"]
[WhiteElo "1825"]
[BlackElo "1818"]
[PlyCount "69"]
[EventDate "2015.10.14"]
[EventType "swiss"]
[EventRounds "5"]
[EventCountry "CAN"]
[SourceTitle "EXT 2022"]
[Source "ChessBase"]
[SourceDate "2021.10.06"]
[SourceVersion "1"]
[SourceVersionDate "2021.10.06"]
[SourceQuality "1"]

1. d4 Nf6 2. c4 g6 3. Nf3 Bg7 4. g3 0-0 5. Bg2 d6 6. 0-0 Nc6 7. d5 Na5 8. Nc3 Nxc4 9. Qc2 a6 10. e4 c5 11. b3 Na5 12. Bb2 b5 13. e5 Ng4 14. e6 fxe6 15. dxe6 Bxe6 16. Ng5 Bf5 17. Qe2 Ra7 18. Ne6 Bxe6 19. Qxe6+ Kh8 20. Qxg4 Rf5 21. Be4 Rh5 22. Rad1 b4 23. Na4 c4 24. Bxg7+ Kxg7 25. bxc4 Nxc4 26. Bxg6 hxg6 27. Qxc4 Qd7 28. h4 a5 29. Qd4+ Kh7 30. Nb6 Qb5 31. Nd5 Qc5 32. Qe4 Re5 33. Qd3 Kg7 34. Nf4 Rf5 35. Ne6+ 1-0

[Event "Montreal Mercredi 10"]
[Site "Montreal"]
[Date "2015.10.14"]
[Round "1"]
[White "Struben, Jeroen"]
[Black "Langlois Remillard, Alexis"]
[Result "0-1"]
[WhiteElo "1825"]
[BlackElo "1786"]
[PlyCount "64"]
[EventDate "2015.10.14"]
[EventType "swiss"]
[EventRounds "5"]
[EventCountry "CAN"]
[SourceTitle "EXT 2022"]
[Source "ChessBase"]
[SourceDate "2021.10.06"]
[SourceVersion "1"]
[SourceVersionDate "2021.10.06"]
[SourceQuality "1"]

1. d4 Nf6 2. c4 e6 3. Nf3 b6 4. g3 Bb7 5. Bg2 Bb4+ 6. Bd2 Bxd2+ 7. Qxd2 0-0 8. Nc3 c5 9. d5 exd5 10. cxd5 d6 11. 0-0 Na6 12. e4 Re8 13. Rfe1 Rc8 14. Nb5 Qd7 15. Nxa7 Ra8 16. Nc6 Nxe4 17. Rxe4 Rxe4 18. Ng5 Ree8 19. Qf4 f5 20. Qh4 h6 21. Ne6 Bxc6 22. Nxg7 Kxg7 23. dxc6 Qe7 24. Qh5 Qf7 25. Qf3 Nb4 26. Qc3+ Qf6 27. c7 Rac8 28. Qc4 Rxc7 29. a3 Qxb2 30. Rd1 Qc2 31. Qf1 Rce7 32. axb4 Qxd1 0-1

[Event "Montreal CC-ch"]
[Site "Montreal"]
[Date "2015.06.14"]
[Round "5"]
[White "Sonn, Eric"]
[Black "Struben, Jeroen"]
[Result "0-1"]
[WhiteElo "1503"]
[BlackElo "1774"]
[PlyCount "48"]
[EventDate "2015.06.12"]
[EventType "swiss"]
[EventRounds "5"]
[EventCountry "CAN"]
[SourceTitle "EXT 2019"]
[Source "ChessBase"]
[SourceDate "2018.10.10"]
[SourceVersion "1"]
[SourceVersionDate "2018.10.10"]
[SourceQuality "1"]

1. e4 g6 2. d4 Bg7 3. Nc3 c6 4. Be3 d6 5. Nf3 Nf6 6. h3 Nbd7 7. Bd3 b5 8. 0-0 Nb6 9. Qc1 h6 10. e5 Nfd5 11. Nxd5 Nxd5 12. Bd2 Be6 13. b3 Rc8 14. c4 Nc7 15. exd6 exd6 16. Re1 g5 17. Bb1 Kf8 18. Bd3 g4 19. hxg4 Bxg4 20. Bc3 Bxf3 21. gxf3 Ne6 22. Qe3 Kg8 23. Kf1 Qh4 24. Qe4 Nf4 0-1

[Event "Montreal Pere Noel op"]
[Site "Montreal"]
[Date "2014.12.27"]
[Round "2"]
[White "Struben, Jeroen"]
[Black "Yao, Sammy"]
[Result "0-1"]
[WhiteElo "1719"]
[BlackElo "1882"]
[PlyCount "94"]
[EventDate "2014.12.26"]
[EventType "swiss"]
[EventRounds "5"]
[EventCountry "CAN"]
[SourceTitle "EXT 2016"]
[Source "ChessBase"]
[SourceDate "2015.10.08"]
[SourceVersion "1"]
[SourceVersionDate "2015.10.08"]
[SourceQuality "1"]

1. d4 Nf6 2. c4 g6 3. g3 Bg7 4. Bg2 d6 5. Nc3 0-0 6. Nf3 Nbd7 7. 0-0 e5 8. e4 exd4 9. Nxd4 Re8 10. h3 a6 11. Be3 Rb8 12. Rb1 Ne5 13. b3 c5 14. Nde2 b5 15. f4 Ned7 16. Qxd6 b4 17. e5 bxc3 18. Nxc3 Nh5 19. g4 Bf8 20. Qd3 Ng7 21. Rbd1 Qc7 22. Nd5 Qa5 23. Rf2 Kh8 24. Bd2 Qxa2 25. Nb4 cxb4 26. Bxb4 Qxf2+ 27. Kxf2 Rxb4 28. Bc6 Nc5 29. Qc2 Re6 30. Rd8 Kg8 31. Rxc8 Rxb3 32. Bd5 Rb2 33. Qxb2 Nd3+ 34. Ke3 Nxb2 35. Bxe6 Nxe6 36. f5 Nc5 37. Kd4 a5 38. f6 a4 39. Ra8 a3 40. Kc3 Ncd3 41. Kd4 Nb4 42. c5 h6 43. Kc3 N2d3 44. Rxa3 Nxc5 45. Ra8 Nd7 46. Kd4 Nc6+ 47. Kd5 Nb6+ 0-1

[Event "Montreal Mercredi 10"]
[Site "Montreal"]
[Date "2014.11.12"]
[Round "5"]
[White "Struben, Jeroen"]
[Black "Brassard, Sylvain"]
[Result "1-0"]
[WhiteElo "1748"]
[BlackElo "1773"]
[PlyCount "28"]
[EventDate "2014.10.15"]
[EventType "swiss"]
[EventRounds "5"]
[EventCountry "CAN"]
[SourceTitle "EXT 2022"]
[Source "ChessBase"]
[SourceDate "2021.10.06"]
[SourceVersion "1"]
[SourceVersionDate "2021.10.06"]
[SourceQuality "1"]

1. d4 d5 2. c4 Nc6 3. Nf3 e5 4. dxe5 d4 5. Bf4 Bb4+ 6. Nbd2 Bg4 7. a3 Bxd2+ 8. Qxd2 Bxf3 9. gxf3 Qe7 10. 0-0-0 0-0-0 11. Rg1 Nxe5 12. Qa5 Nc6 13. Qf5+ Qe6 14. Bh3 g6 1-0

[Event "Montreal Mercredi 10"]
[Site "Montreal"]
[Date "2014.10.22"]
[Round "2"]
[White "Millette, Sylvain"]
[Black "Struben, Jeroen"]
[Result "1-0"]
[WhiteElo "1755"]
[BlackElo "1748"]
[PlyCount "93"]
[EventDate "2014.10.15"]
[EventType "swiss"]
[EventRounds "5"]
[EventCountry "CAN"]
[SourceTitle "EXT 2022"]
[Source "ChessBase"]
[SourceDate "2021.10.06"]
[SourceVersion "1"]
[SourceVersionDate "2021.10.06"]
[SourceQuality "1"]

1. Nf3 g6 2. g3 Bg7 3. d4 c5 4. Bg2 cxd4 5. Nxd4 Nc6 6. c3 Nxd4 7. cxd4 h5 8. h4 Nf6 9. Nc3 d5 10. Qa4+ Bd7 11. Qb3 Bc6 12. Bg5 0-0 13. 0-0 e6 14. Rad1 Qa5 15. Bd2 Qa6 16. f3 Nd7 17. e3 Nb6 18. Qc2 Nc4 19. Bc1 Rac8 20. b3 Na3 21. Qb2 Nb5 22. Nxb5 Bxb5 23. Rf2 Rc7 24. Bf1 Bxf1 25. Rfxf1 Rfc8 26. Qa3 Qxa3 27. Bxa3 Bf8 28. Bxf8 Kxf8 29. Rd2 Ke7 30. Kf2 b6 31. Ke2 a5 32. Rfd1 a4 33. bxa4 Rc4 34. Rb1 R8c6 35. Rbb2 Rxa4 36. Rdc2 Rxc2+ 37. Rxc2 Rc4 38. Rxc4 dxc4 39. Kd2 b5 40. Kc3 Kd6 41. e4 e5 42. d5 f5 43. Kb4 fxe4 44. fxe4 Kc7 45. a4 c3 46. Kxc3 bxa4 47. Kb4 1-0

[Event "Montreal Mercredi 09"]
[Site "Montreal"]
[Date "2014.09.17"]
[Round "3"]
[White "Johnson Constantin, Matthieu"]
[Black "Struben, Jeroen"]
[Result "1/2-1/2"]
[WhiteElo "1755"]
[BlackElo "1772"]
[PlyCount "77"]
[EventDate "2014.09.03"]
[EventType "swiss"]
[EventRounds "5"]
[EventCountry "CAN"]
[SourceTitle "EXT 2022"]
[Source "ChessBase"]
[SourceDate "2021.10.06"]
[SourceVersion "1"]
[SourceVersionDate "2021.10.06"]
[SourceQuality "1"]

1. d4 Nf6 2. c4 c5 3. d5 g6 4. Nc3 d6 5. Bg5 Bg7 6. Nf3 0-0 7. h4 a6 8. e3 Nbd7 9. Be2 Rb8 10. a4 Ng4 11. h5 Nde5 12. Nxe5 Nxe5 13. f4 f6 14. hxg6 fxg5 15. gxh7+ Kh8 16. fxe5 Bxe5 17. Qd3 Bf5 18. e4 Bg6 19. Bh5 Qe8 20. Bxg6 Qxg6 21. 0-0-0 Rf2 22. Rdf1 Rbf8 23. Rxf2 Rxf2 24. Rf1 Rxf1+ 25. Qxf1 Bf4+ 26. Kd1 Qxh7 27. Qf3 Qh1+ 28. Kc2 Kg7 29. Ne2 Qa1 30. Nxf4 Qxa4+ 31. Kd2 gxf4 32. Qg4+ Kf7 33. Qxf4+ Ke8 34. Qf1 b5 35. cxb5 Qxe4 36. Kc1 Qa4 37. Qf5 Qa1+ 38. Kc2 Qa4+ 39. Kc1 1/2-1/2

[Event "Montreal CC-ch"]
[Site "Montreal"]
[Date "2014.06.14"]
[Round "4"]
[White "Tinica, Gabriel"]
[Black "Struben, Jeroen"]
[Result "1/2-1/2"]
[WhiteElo "1488"]
[BlackElo "1793"]
[PlyCount "56"]
[EventDate "2014.06.15"]
[EventType "swiss"]
[EventRounds "5"]
[EventCountry "CAN"]
[SourceTitle "EXT 2022"]
[Source "ChessBase"]
[SourceDate "2021.10.06"]
[SourceVersion "1"]
[SourceVersionDate "2021.10.06"]
[SourceQuality "1"]

1. d4 Nf6 2. c4 c5 3. d5 g6 4. Nc3 Bg7 5. e4 d6 6. Nf3 0-0 7. Bd3 Na6 8. a3 Nc7 9. 0-0 a6 10. a4 b6 11. Bf4 Bg4 12. h3 Bxf3 13. Qxf3 Nd7 14. Qe2 Kh8 15. Bg3 Ne5 16. Bxe5 Bxe5 17. f4 Bd4+ 18. Kh1 e6 19. Rae1 exd5 20. exd5 Qh4 21. Ne4 Rfe8 22. f5 Re5 23. fxg6 hxg6 24. Qd2 f5 25. Nxd6 Qg3 26. Nxf5 gxf5 27. Bxf5 Rae8 28. Rd1 Re2 1/2-1/2

[Event "Montreal Mercredi 05"]
[Site "Montreal"]
[Date "2014.06.11"]
[Round "5"]
[White "Struben, Jeroen"]
[Black "Ouellet, Maili Jade"]
[Result "0-1"]
[WhiteElo "1716"]
[BlackElo "1746"]
[PlyCount "58"]
[EventDate "2014.05.14"]
[EventType "swiss"]
[EventRounds "5"]
[EventCountry "CAN"]
[SourceTitle "EXT 2022"]
[Source "ChessBase"]
[SourceDate "2021.10.06"]
[SourceVersion "1"]
[SourceVersionDate "2021.10.06"]
[SourceQuality "1"]

1. d4 d5 2. c4 e6 3. Nf3 c6 4. e3 Nf6 5. b3 Nbd7 6. Bb2 Bd6 7. Bd3 0-0 8. 0-0 Ne4 9. Qc2 f5 10. Ba3 c5 11. cxd5 exd5 12. Nc3 Qa5 13. Bb2 Ndf6 14. Ne5 cxd4 15. exd4 Be6 16. Nb5 Rac8 17. Qe2 Bb8 18. f3 a6 19. fxe4 fxe4 20. b4 Qb6 21. Na3 Bxe5 22. Kh1 Bxh2 23. Rxf6 Rxf6 24. Bxe4 dxe4 25. Kxh2 Rh6+ 26. Kg1 Qd6 27. g4 Bxg4 28. Nc4 Bxe2 29. Nxd6 Rxd6 0-1

[Event "Montreal Mercredi 05"]
[Site "Montreal"]
[Date "2014.05.14"]
[Round "1"]
[White "Mireault, Sylvain"]
[Black "Struben, Jeroen"]
[Result "0-1"]
[WhiteElo "1717"]
[BlackElo "1716"]
[PlyCount "50"]
[EventDate "2014.05.14"]
[EventType "swiss"]
[EventRounds "5"]
[EventCountry "CAN"]
[SourceTitle "EXT 2022"]
[Source "ChessBase"]
[SourceDate "2021.10.06"]
[SourceVersion "1"]
[SourceVersionDate "2021.10.06"]
[SourceQuality "1"]

1. Nf3 g6 2. g3 Bg7 3. Bg2 c5 4. d3 Nc6 5. 0-0 d6 6. Nbd2 Nf6 7. c3 0-0 8. e4 e5 9. Re1 Rb8 10. Nf1 d5 11. exd5 Nxd5 12. Ne3 Nxe3 13. Bxe3 b6 14. Nd2 Ne7 15. f4 Nf5 16. Nc4 Nxe3 17. Rxe3 exf4 18. gxf4 Bh6 19. Qf1 Qh4 20. Rae1 Bxf4 21. Re4 Qxh2+ 22. Kf2 Bg3+ 23. Ke2 Bb7 24. Kd1 Bxe1 25. Rxe1 Qxg2 0-1

[Event "Montreal Mercredi 04"]
[Site "Montreal"]
[Date "2014.04.30"]
[Round "5"]
[White "Mireault, Sylvain"]
[Black "Struben, Jeroen"]
[Result "1-0"]
[WhiteElo "1744"]
[BlackElo "1764"]
[PlyCount "85"]
[EventDate "2014.04.02"]
[EventType "swiss"]
[EventRounds "5"]
[EventCountry "CAN"]
[SourceTitle "EXT 2022"]
[Source "ChessBase"]
[SourceDate "2021.10.06"]
[SourceVersion "1"]
[SourceVersionDate "2021.10.06"]
[SourceQuality "1"]

1. Nf3 g6 2. g3 Bg7 3. Bg2 c5 4. d3 Nc6 5. 0-0 Nh6 6. Nbd2 d5 7. e4 d4 8. Re1 Ng4 9. h3 Nf6 10. Nc4 b5 11. Na3 a6 12. e5 Nd5 13. Ng5 e6 14. f4 Bf8 15. c4 dxc3 16. bxc3 Qb6 17. Bxd5 exd5 18. e6 f6 19. Nf7 Rg8 20. Nc2 Ne7 21. d4 c4 22. Ba3 Nf5 23. e7 Bxe7 24. Bc5 Qb7 25. Rxe7+ Qxe7 26. Bxe7 Kxe7 27. g4 Ng7 28. Nh6 Re8 29. Qf3 Kd6 30. Re1 Bb7 31. Kf2 Ne6 32. Qg3 Kd7 33. h4 g5 34. fxg5 fxg5 35. Nf5 Nf4 36. Rxe8 Rxe8 37. Nce3 Nd3+ 38. Kf1 Re6 39. hxg5 Kc8 40. Qh2 Bc6 41. Qxh7 Re4 42. g6 Rf4+ 43. Kg2 1-0

[Event "Montreal Mercredi 04"]
[Site "Montreal"]
[Date "2014.04.16"]
[Round "3"]
[White "Struben, Jeroen"]
[Black "Gauthier, Luc"]
[Result "1-0"]
[WhiteElo "1764"]
[BlackElo "1796"]
[PlyCount "42"]
[EventDate "2014.04.02"]
[EventType "swiss"]
[EventRounds "5"]
[EventCountry "CAN"]
[SourceTitle "EXT 2022"]
[Source "ChessBase"]
[SourceDate "2021.10.06"]
[SourceVersion "1"]
[SourceVersionDate "2021.10.06"]
[SourceQuality "1"]

1. d4 d5 2. c4 e5 3. dxe5 d4 4. Nf3 Nc6 5. Bg5 Be7 6. Bf4 Bb4+ 7. Nbd2 Nge7 8. Qb3 Ng6 9. Bg3 Bxd2+ 10. Nxd2 Ncxe5 11. e3 dxe3 12. fxe3 0-0 13. Be2 Bg4 14. Nf3 Bxf3 15. gxf3 Re8 16. Rd1 Qe7 17. 0-0 h5 18. Kh1 h4 19. Bf2 h3 20. Rg1 Nh4 21. Rg3 Nexf3 1-0

[Event "Montreal Mercredi 04"]
[Site "Montreal"]
[Date "2014.04.09"]
[Round "2"]
[White "Salazar, Andres Felipe"]
[Black "Struben, Jeroen"]
[Result "1-0"]
[WhiteElo "1774"]
[BlackElo "1764"]
[PlyCount "79"]
[EventDate "2014.04.02"]
[EventType "swiss"]
[EventRounds "5"]
[EventCountry "CAN"]
[SourceTitle "EXT 2022"]
[Source "ChessBase"]
[SourceDate "2021.10.06"]
[SourceVersion "1"]
[SourceVersionDate "2021.10.06"]
[SourceQuality "1"]

1. e4 d6 2. d4 Nf6 3. Nc3 g6 4. Bg5 Bg7 5. Qd2 c6 6. Bc4 b5 7. Bd3 h6 8. Bf4 g5 9. Bg3 Nh5 10. Be2 Nxg3 11. hxg3 g4 12. Rh5 Nd7 13. Bxg4 Nf6 14. Bxc8 Nxh5 15. Bb7 Rb8 16. Bxc6+ Kf8 17. Bxb5 Qb6 18. Nge2 e6 19. f4 Rd8 20. Qe3 e5 21. 0-0-0 Nf6 22. Bc4 Rb8 23. Bb3 h5 24. Qd3 Ng4 25. fxe5 Bh6+ 26. Nf4 Ne3 27. Ncd5 Nxd5 28. exd5 a5 29. a4 Bxf4+ 30. gxf4 Rh6 31. Rh1 Rc8 32. f5 Qb4 33. Kb1 dxe5 34. dxe5 Rb6 35. d6 Qf4 36. Rxh5 Qxe5 37. Qh3 Rxd6 38. f6 Rxf6 39. Qxc8+ Ke7 40. Rxe5+ 1-0

[Event "Montreal Mercredi 02"]
[Site "Montreal"]
[Date "2014.03.19"]
[Round "5"]
[White "Struben, Jeroen"]
[Black "Ouellet, Maili Jade"]
[Result "0-1"]
[WhiteElo "1691"]
[BlackElo "1682"]
[PlyCount "82"]
[EventDate "2014.02.19"]
[EventType "swiss"]
[EventRounds "5"]
[EventCountry "CAN"]
[SourceTitle "EXT 2022"]
[Source "ChessBase"]
[SourceDate "2021.10.06"]
[SourceVersion "1"]
[SourceVersionDate "2021.10.06"]
[SourceQuality "1"]

1. d4 d5 2. c4 e6 3. Nf3 c6 4. e3 Nf6 5. b3 Nbd7 6. Bb2 Bd6 7. Nbd2 0-0 8. Bd3 Ne8 9. Ne5 f5 10. 0-0 g5 11. f4 g4 12. h3 h5 13. hxg4 hxg4 14. Nxg4 fxg4 15. Qxg4+ Ng7 16. Nf3 Nf6 17. Qh4 Ne4 18. Ng5 Nxg5 19. fxg5 Nf5 20. Qh5 Bg3 21. Rf3 Qd6 22. Ba3 Qxa3 23. c5 Qa5 24. Rxg3 Qc7 25. Rh3 Qg7 26. g4 Ne7 27. g6 Bd7 28. Qg5 Rae8 29. Qh5 e5 30. dxe5 Nc8 31. Bf5 Bxf5 32. gxf5 Rxe5 33. Rf1 Ne7 34. Qg4 Rexf5 35. Rxf5 Rxf5 36. Rg3 Qf6 37. Kh2 Rf2+ 38. Kg1 Rf1+ 39. Kh2 Rf2+ 40. Kh1 Qa1+ 41. Rg1 Qh8+ 0-1

[Event "Montreal Mercredi 02"]
[Site "Montreal"]
[Date "2014.02.19"]
[Round "1"]
[White "Struben, Jeroen"]
[Black "O'Connor, Michael"]
[Result "1-0"]
[WhiteElo "1691"]
[BlackElo "1753"]
[PlyCount "46"]
[EventDate "2014.02.19"]
[EventType "swiss"]
[EventRounds "5"]
[EventCountry "CAN"]
[SourceTitle "EXT 2022"]
[Source "ChessBase"]
[SourceDate "2021.10.06"]
[SourceVersion "1"]
[SourceVersionDate "2021.10.06"]
[SourceQuality "1"]

1. d4 d5 2. c4 e6 3. Nc3 Nf6 4. Nf3 c6 5. Bg5 Nbd7 6. e3 Bb4 7. Nd2 Qa5 8. Qc2 0-0 9. Be2 Re8 10. 0-0 e5 11. c5 exd4 12. Nb3 Qd8 13. exd4 h6 14. Bh4 Ba5 15. Nxa5 Qxa5 16. a3 Ne4 17. Bd3 Nxc3 18. b4 Qc7 19. Qxc3 Nf8 20. Rae1 Be6 21. f4 f6 22. f5 Bf7 23. Bg3 Qd7 1-0

[Event "Montreal Mercredi 01"]
[Site "Montreal"]
[Date "2014.01.08"]
[Round "1"]
[White "Struben, Jeroen"]
[Black "Millette, Sylvain"]
[Result "0-1"]
[WhiteElo "1745"]
[BlackElo "1697"]
[PlyCount "46"]
[EventDate "2014.01.08"]
[EventType "swiss"]
[EventRounds "5"]
[EventCountry "CAN"]
[SourceTitle "EXT 2022"]
[Source "ChessBase"]
[SourceDate "2021.10.06"]
[SourceVersion "1"]
[SourceVersionDate "2021.10.06"]
[SourceQuality "1"]

1. d4 Nf6 2. c4 g6 3. g3 d5 4. cxd5 Nxd5 5. e4 Nb4 6. Qa4+ N8c6 7. a3 Qxd4 8. Nc3 Nd3+ 9. Bxd3 Qxd3 10. Nd5 Bd7 11. Be3 0-0-0 12. Rc1 a6 13. Nf3 Bg7 14. Rd1 Qb5 15. Qc2 Bg4 16. a4 Qxb2 17. Qc4 Bxf3 18. Rc1 Bxh1 19. Nxe7+ Kb8 20. Nxc6+ bxc6 21. Qxc6 Qb7 22. Qc5 Bxe4 23. Rc4 Bf3 0-1

[Event "Montreal Pere Noel op"]
[Site "Montreal"]
[Date "2013.12.29"]
[Round "4"]
[White "Struben, Jeroen"]
[Black "Perna Fraser, David"]
[Result "0-1"]
[WhiteElo "1744"]
[BlackElo "1803"]
[PlyCount "76"]
[EventDate "2013.12.26"]
[EventType "swiss"]
[EventRounds "5"]
[EventCountry "CAN"]
[SourceTitle "CBM 158 Extra"]
[Source "ChessBase"]
[SourceDate "2014.02.28"]
[SourceVersion "1"]
[SourceVersionDate "2014.02.28"]
[SourceQuality "1"]

1. d4 Nf6 2. c4 c5 3. d5 d6 4. Nc3 g6 5. e4 Bg7 6. Nf3 0-0 7. Be2 e6 8. 0-0 exd5 9. cxd5 Re8 10. Bg5 Qb6 11. Qc2 Bg4 12. h3 Bxf3 13. Bxf3 Nbd7 14. Be2 a6 15. Bf4 Ne5 16. Bg3 Qc7 17. f4 Ned7 18. a4 Re7 19. Rad1 Qb6 20. Rfe1 Rae8 21. Bf3 c4+ 22. Bf2 Nc5 23. Kh1 Qa5 24. Bg3 Nd3 25. Re3 Qb6 26. Rexd3 cxd3 27. Qxd3 Qxb2 28. e5 dxe5 29. fxe5 Nd7 30. d6 Nxe5 31. Bxe5 Rxe5 32. Rd2 Re1+ 33. Kh2 Qxc3 34. d7 Qe5+ 35. g3 Rd8 36. Bxb7 Re3 37. Qf1 Qxg3+ 38. Kh1 Re1 0-1

[Event "Montreal Pere Noel op"]
[Site "Montreal"]
[Date "2013.12.28"]
[Round "3"]
[White "Sprumont, Oscar"]
[Black "Struben, Jeroen"]
[Result "1-0"]
[WhiteElo "2029"]
[BlackElo "1744"]
[PlyCount "71"]
[EventDate "2013.12.26"]
[EventType "swiss"]
[EventRounds "5"]
[EventCountry "CAN"]
[SourceTitle "CBM 158 Extra"]
[Source "ChessBase"]
[SourceDate "2014.02.28"]
[SourceVersion "1"]
[SourceVersionDate "2014.02.28"]
[SourceQuality "1"]

1. Nf3 c5 2. c4 Nf6 3. g3 g6 4. Bg2 Bg7 5. d4 cxd4 6. Nxd4 0-0 7. 0-0 d6 8. Nc3 Nc6 9. Nxc6 bxc6 10. Bxc6 Rb8 11. Bg2 Ng4 12. Qc2 Be6 13. Nd5 Ne5 14. Rb1 Qd7 15. b3 Rfc8 16. e4 Nc6 17. Nf4 Nd4 18. Qd3 Bg4 19. f3 g5 20. Nd5 e6 21. Nc3 Bh5 22. Bxg5 Nc6 23. Ne2 Ne5 24. Qd2 Qc7 25. Rbd1 Rb6 26. Nd4 d5 27. Nb5 Rxb5 28. cxb5 Qc5+ 29. Be3 Qxb5 30. exd5 Rd8 31. d6 Bf8 32. Qc3 Bg7 33. Qc7 Nc6 34. Rc1 Qe5 35. Bf4 Qd4+ 36. Kh1 1-0

[Event "Montreal Mercredi 11"]
[Site "Montreal"]
[Date "2013.12.11"]
[Round "5"]
[White "Chesnut, Walter"]
[Black "Struben, Jeroen"]
[Result "0-1"]
[WhiteElo "1633"]
[BlackElo "1693"]
[PlyCount "44"]
[EventDate "2013.11.13"]
[EventType "swiss"]
[EventRounds "5"]
[EventCountry "CAN"]
[SourceTitle "EXT 2022"]
[Source "ChessBase"]
[SourceDate "2021.10.06"]
[SourceVersion "1"]
[SourceVersionDate "2021.10.06"]
[SourceQuality "1"]

1. e4 d6 2. d4 Nf6 3. Nc3 g6 4. f3 c6 5. Be3 b5 6. Qd2 Nbd7 7. Nge2 Nb6 8. Nf4 b4 9. Nd1 a5 10. g4 Bg7 11. h4 h5 12. g5 Nfd7 13. a4 0-0 14. Be2 Ba6 15. Bxa6 Rxa6 16. Qd3 Ra8 17. 0-0 c5 18. dxc5 Ne5 19. Qe2 dxc5 20. Bxc5 Rc8 21. Qf2 Nec4 22. Ra2 Rxc5 0-1